000
00258nam a2200109Ia 4500
008
190216s9999||||xx |||||||||||||| ||und||
100
_a
Vivekanandan G
245
0
_a
Yakshi Parambu
260
_b
Mangalodhayam Publications
650
_a
Malayalam
942
_c
BK
999
_c
24033
_d
24033